000 00351cam a2200121ua 4500
020 _a818845883
082 _a620.30287
_bRAJ/ME
100 _aRajput, R.K .
_980
245 _aMechanical Measurements and Instrumentation: (Including Metrology and Control Systems)
260 _aNew Delhi :
_bS K Kataria and sons ,
_c2010
300 _a765
942 _cBK
999 _c13477
_d13477